2025 Yankees Opening Day Roster - Statistics

General Stats
  • This quiz has been taken 260 times
    140 since last reset
  • The average score is 19 of 26
Answer Stats
# Answer % Correct
99 Aaron Judge
99%
35 Cody Bellinger
97%
11 Anthony Volpe
96%
28 Austin Wells
96%
48 Paul Goldschmidt
92%
12 Trent Grisham
91%
95 Oswaldo Cabrera
90%
22 Ben Rice
88%
13 Jazz Chisholm Jr.
86%
54 Max Fried
85%
55 Carlos Rodón
83%
24 Jasson Domínguez
82%
30 Luke Weaver
81%
38 Devin Williams
79%
25 J.C. Escarra
79%
0 Marcus Stroman
78%
18 Oswald Peraza
77%
41 Tim Hill
72%
98 Will Warren
71%
56 Mark Leiter Jr.
65%
63 Fernando Cruz
56%
19 Pablo Reyes
48%
59 Carlos Carrasco
39%
33 Ryan Yarbrough
36%
94 Yoendrys Gomez
29%
47 Brent Headrick
19%
No matching quizzes found
Score Distribution
Percent of People with Each Score
Percentile by Number Answered
Your Score History
You have not taken this quiz since the last reset